Loading...
| Beliefs | 0 | 1 | 0 | 0 | 10 | 141 | 141.00 | 0 | 0 | 0.00 | 0.00 |
| History - World | 0 | 1 | 0 | 1 | 10 | 139 | 139.00 | 0 | 0 | 0.00 | 0.00 |
| Literature - British | 0 | 1 | 0 | 0 | 10 | 154 | 154.00 | 0 | 0 | 0.00 | 0.00 |
| Science - Other | 0 | 1 | 0 | 1 | 10 | 142 | 142.00 | 0 | 0 | 0.00 | 0.00 |
| Fine Arts - Other | 0 | 1 | 0 | 1 | 10 | 162 | 162.00 | 0 | 0 | 0.00 | 0.00 |
| Fine Arts - Visual | 0 | 1 | 0 | 1 | 10 | 146 | 146.00 | 0 | 0 | 0.00 | 0.00 |
| Geography | 0 | 1 | 0 | 0 | 10 | 106 | 106.00 | 0 | 1 | 0.00 | 0.00 |
| History - Other | 0 | 1 | 0 | 0 | 10 | 89 | 89.00 | 0 | 0 | 0.00 | 0.00 |
| Fine Arts - Classical Music and Opera | 0 | 0 | 0 | 0 | 0 | 0.00 | 0 | 0 | 0.00 | 0.00 | |
| Social Science | 0 | 0 | 0 | 0 | 0 | 0.00 | 0 | 0 | 0.00 | 0.00 | |
| Literature - American | 0 | 0 | 0 | 0 | 0 | 0.00 | 0 | 0 | 0.00 | 0.00 |